000 00643nam a2200253Ia 4500
003 OSt
005 20221006155518.0
006 a|||||r|||| 00| 0
007 ta
008 221006b |||||||| |||| 00| 0 chi d
024 _a42,335
037 _cTextual
040 _aEASL
_cEASL
_bchi
041 _2chi
_achi
082 _aV41,8y7M23, K6.
100 _aLi Guanglu
_9669415
245 0 _aHefei Lishi Sanshi Weiji
260 _aTaibei
_bWenhai Chubanshe China
_c1966
300 _ap.
_ccm.
490 _v V.2CCL
650 _aCCL
942 _hV41,8y7M23, K6.
_cTEXL
_2CC
999 _c1110421
_d1110421